|
|
|
|
| LEADER |
01350cam a22002897i 4500 |
| 001 |
3887325 |
| 003 |
GR-PaULI |
| 005 |
20210117210447.0 |
| 008 |
170926s1991 us a f b 001 0 eng d |
| 010 |
|
|
|a 90008960
|
| 020 |
|
|
|a 0691068356 (acidfree paper)
|
| 020 |
|
|
|a 0691014760 (pbk. : acidfree paper)
|
| 040 |
|
|
|a DLC
|c DLC
|d DLC
|d GR-PaULI
|b gre
|e AACR2
|
| 082 |
0 |
0 |
|a 895.6
|2 23
|
| 100 |
1 |
|
|a Goff, Janet Emily.
|9 164347
|e συγγραφέας
|
| 245 |
1 |
0 |
|a Noh drama and The tale of Genji :
|b the art of allusion in fifteen classical plays /
|c Janet Goff.
|
| 260 |
|
|
|a Princeton, N.J. :
|b Princeton University Press,
|c c1991.
|
| 300 |
|
|
|a xiii, 296 σ. :
|b εικ. ;
|c 25 εκ.
|
| 504 |
|
|
|a Περιλαμβάνει βιβλιογραφία (σ. 283-289) και ευρετήριο.
|
| 600 |
1 |
4 |
|a Murasaki Shikibu,
|d 978?-
|9 164351
|
| 650 |
|
4 |
|a Θέατρο Νο
|x Ιστορία και κριτική
|9 139159
|
| 650 |
|
4 |
|a Θέατρο
|z Ιαπωνία
|x Ιστορία και κριτική.
|9 164350
|
| 856 |
4 |
2 |
|3 Publisher description
|u http://www.loc.gov/catdir/description/prin031/90008960.html
|
| 942 |
|
|
|2 ddc
|c BK15
|
| 952 |
|
|
|0 0
|1 0
|2 ddc
|4 0
|6 895_600000000000000_GOF
|7 0
|9 215351
|a THST
|b THST
|d 2017-09-26
|i 011809
|l 0
|o 895.6 GOF
|p 025000014042
|r 2017-09-26 00:00:00
|t 1
|v 2017.00
|w 2017-09-26
|y BK15
|
| 998 |
|
|
|c ΜΑΝΙΑ
|d 2017-09
|
| 999 |
|
|
|c 130842
|d 130842
|